00786nam a2200217Ia 450000500170000000800410001702000150005804000560007304100080012924500620013726000670019930000250026649000670029165000280035865000320038665000250041865000260044365000200046965000530048970000260054220211110120029.0130821s1996 xxk gr eng  a1858984882 aCo-BoUCMbspacSandra Palacio (modificó)d[Nuevo]00aeng00aIndustrial organizationcEditado por Oliver E. Williamson aCheltenham (Reino Unido)bEdgar Critical Writings Readerc1996 axxiii, 500 páginas aThe International Library of Critical Writings in Economicsv904aCompetencia económica04aDiscriminación de precios04aEconomía gerencial04aEconomía industrial04aMicroeconomía04aOrganización industrial (Teoría económica) aWilliamson, Oliver E.